An itroduction to database system / (Record no. 133261)

MARC details
000 -LEADER
fixed length control field 00727nam a22002417a 4500
005 - DATE AND TIME OF LATEST TRANSACTION
control field 20170124110206.0
010 ## - LIBRARY OF CONGRESS CONTROL NUMBER
LC control number A-599844
020 ## - INTERNATIONAL STANDARD BOOK NUMBER
Terms of availability 00.00
International Standard Book Number 8185015589
035 ## - SYSTEM CONTROL NUMBER
System control number A-599844
037 ## - SOURCE OF ACQUISITION
Source of stock number/acquisition Cen Lib/Ret
040 ## - CATALOGING SOURCE
Original cataloging agency DPL
Language of cataloging EN
082 ## - DEWEY DECIMAL CLASSIFICATION NUMBER
Classification number 001.6442
Item number DAT
100 ## - MAIN ENTRY--PERSONAL NAME
Personal name Date, C.J.
9 (RLIN) 37382
245 ## - TITLE STATEMENT
Title An itroduction to database system /
Statement of responsibility, etc by C.J. Date
250 ## - EDITION STATEMENT
Edition statement 3rd ed
260 ## - PUBLICATION, DISTRIBUTION, ETC. (IMPRINT)
Place of publication, distribution, etc New Delhi
Name of publisher, distributor, etc Narosa publishing house
Date of publication, distribution, etc 1993
270 ## - ADDRESS
Address 6, Community centre, Panshcheel park
City New Delhi
Postal code 110017
300 ## - PHYSICAL DESCRIPTION
Extent xxx,580p.
Dimensions 20cm(Hb)
500 ## - GENERAL NOTE
General note Includes index
650 ## - SUBJECT ADDED ENTRY--TOPICAL TERM
Topical term or geographic name as entry element Computer science
9 (RLIN) 74130
650 ## - SUBJECT ADDED ENTRY--TOPICAL TERM
Topical term or geographic name as entry element Database management system
9 (RLIN) 74131
942 ## - ADDED ENTRY ELEMENTS (KOHA)
Source of classification or shelving scheme Dewey Decimal Classification
Koha item type English Books
Classification part 001.6442
Call number suffix DAT
Holdings
Withdrawn status Lost status Damaged status Not for loan Home library Current library Date acquired Source of acquisition Cost, normal purchase price Total Checkouts Full call number Barcode Date last seen Copy number Cost, replacement price Price effective from Koha item type Public note
Written off       Central Library Central Library 25/07/2015 Cen Lib/Ret 0.00   001.6442 DAT A-599844 25/07/2015 1 0.00 25/07/2015 English Books W/d List No. 6900/8 ; dtd 23/10/2020

© Delhi Public Library
Hit Counter
free hit counter